00579nam a2200145Ia 4500008004100000024005600041082002000097100006600117245003100183260002500214600003400239650003300273952011000306999001700416250506s9999 xx 000 0 und d a08B-012-TE, 08B-041-TE, 08B-054-TE & 05B-086-TE a621.3822072 ISM aIsmail, Muhammad Owais, S. Zeeshan ul Hassan & Humaira Gulzar 0aEnergy theft Control Meter aKarachi:bUIT,c2008 aTelecommunication Engineering aBachelor of Engineering (BE) 001040708PR-TEaUITUbUITUd2022-07-26l0o621.3822072 ISMpTE-65r2025-05-06 11:34:20w2025-05-06yPR c28290d28290